[Event "50smm A Bruneck-Deutschnofen"]
[Site "?"]
[Date "2018.11.10"]
[Round "1.1"]
[White "Dappiano, Andrea"]
[Black "Peintner, Andreas"]
[Result "1-0"]
[WhiteElo "2274"]
[BlackElo "1934"]
[PlyCount "81"]
[EventDate "2018.11.10"]
[SourceDate "2018.11.11"]

1. e4 c5 2. Nc3 Nc6 3. g3 g6 4. Bg2 Bg7 5. d3 e6 6. Be3 d6 7. Qd2 Rb8 8. Nf3
Nd4 9. O-O Ne7 10. Nd1 O-O 11. Bh6 Nec6 12. Bxg7 Kxg7 13. Ne1 Qa5 14. Qxa5 Nxa5
15. c3 Nb5 16. Ne3 Nc6 17. f4 f5 18. Nc4 Rd8 19. Nf3 Nc7 20. a4 b6 21. exf5
gxf5 22. Rfe1 h6 23. Rad1 a6 24. Nh4 Ne7 25. d4 b5 26. axb5 axb5 27. Na5 c4 28.
b4 d5 29. Nf3 Bd7 30. Ne5 Be8 31. h3 Rd6 32. g4 Ra6 33. Kf2 Nc8 34. gxf5 exf5
35. Bf3 Nd6 36. Nexc4 Ne4+ 37. Bxe4 dxe4 38. Ne3 Kf6 39. d5 Rd8 40. Rd2 Rad6
41. Nb7 1-0

[Event "50smm A Bruneck-Deutschnofen"]
[Site "?"]
[Date "2018.11.10"]
[Round "1.2"]
[White "Balzarini, Franco"]
[Black "Zamengo, Fulvio"]
[Result "0-1"]
[WhiteElo "1840"]
[BlackElo "2309"]
[PlyCount "72"]
[EventDate "2018.11.10"]
[SourceDate "2018.11.11"]

1. d4 Nf6 2. Nf3 g6 3. e3 Bg7 4. Bd3 c5 5. O-O b6 6. Nbd2 Bb7 7. Rb1 O-O 8. c4
cxd4 9. exd4 d5 10. Qc2 Nc6 11. b4 dxc4 12. Qxc4 Rc8 13. Bb2 Nd5 14. Qb3 Ncxb4
15. Be2 Nf4 16. Bc4 Nbd5 17. Rfd1 Qd7 18. Ne5 Bxe5 19. dxe5 Nxg2 20. Ne4 Rxc4
21. Qxc4 Ngf4 22. Nf6+ exf6 23. Qxf4 Qh3 24. Qg3 Qf5 25. Qd3 Qh5 26. Qg3 Ne7
27. Rd7 Nf5 28. Qf4 Ba8 29. Rd3 Nh4 30. h3 Qe2 31. Re3 Qc2 32. Rbe1 Ng2 33. Qh6
Qxb2 34. exf6 Qxf6 35. Re8 Qg7 36. Qg5 Nxe1 0-1

[Event "50smm A Bruneck-Deutschnofen"]
[Site "?"]
[Date "2018.11.10"]
[Round "1.3"]
[White "Micheli, Carlo"]
[Black "Niederkofler, Andreas"]
[Result "1-0"]
[WhiteElo "2218"]
[BlackElo "1441"]
[PlyCount "49"]
[EventDate "2018.11.10"]
[SourceDate "2018.11.11"]

1. Nf3 c5 2. e4 e6 3. c4 d6 4. d4 cxd4 5. Nxd4 Nf6 6. Nc3 a6 7. Be2 Qc7 8. Be3
Be7 9. Rc1 O-O 10. O-O b6 11. f4 Bb7 12. Bf3 Nbd7 13. Qe2 Rac8 14. b3 Rfe8 15.
g4 Nf8 16. g5 N6d7 17. Bg2 g6 18. f5 Ne5 19. fxe6 fxe6 20. Bh3 Bd8 21. Rxf8+
Kxf8 22. Nxe6+ Rxe6 23. Bxe6 Rb8 24. Rf1+ Kg7 25. Bd4 1-0

[Event "50smm A Bruneck-Deutschnofen"]
[Site "?"]
[Date "2018.11.10"]
[Round "1.4"]
[White "Scanferla, Antonio"]
[Black "Tonino, Filippo"]
[Result "0-1"]
[WhiteElo "1441"]
[BlackElo "1976"]
[PlyCount "84"]
[EventDate "2018.11.10"]
[SourceDate "2018.11.11"]

1. e4 d6 2. d4 Nf6 3. Nc3 g6 4. Bc4 Bg7 5. Bg5 O-O 6. f3 Nc6 7. Nge2 h6 8. Be3
e5 9. d5 Ne7 10. Qd2 Kh7 11. g4 Nd7 12. Ng3 Nb6 13. Bd3 c6 14. h4 cxd5 15. exd5
Nexd5 16. Nxd5 Nxd5 17. Bxg6+ fxg6 18. Qxd5 Qf6 19. Ne4 Qxf3 20. Ng5+ hxg5 21.
hxg5+ Bh6 22. Qxf3 Rxf3 23. Kd2 Bxg4 24. Rxh6+ Kg7 25. Rh4 Bh5 26. Rc4 Rf7 27.
c3 b6 28. Rc6 Rd8 29. Re1 Bg4 30. Kc1 Bf5 31. Rc4 Rh8 32. Rc6 Rd7 33. Rd1 Rhd8
34. Rc4 Kf7 35. Rh4 Ke6 36. c4 Rc8 37. b3 d5 38. Kb2 dxc4 39. Rxd7 c3+ 40. Kc1
Kxd7 41. Rh7+ Ke6 42. Rxa7 Rh8 0-1

[Event "50smm A Bruneck-Deutschnofen"]
[Site "?"]
[Date "2018.11.10"]
[Round "1.5"]
[White "Thurner, Markus"]
[Black "Peintner, Markus"]
[Result "1/2-1/2"]
[WhiteElo "1913"]
[BlackElo "1468"]
[PlyCount "80"]
[EventDate "2018.11.10"]
[SourceDate "2018.11.11"]

1. b3 d5 2. Bb2 e6 3. e3 Nf6 4. f4 c5 5. Nf3 Nc6 6. Bb5 Bd7 7. O-O Be7 8. Bxc6
Bxc6 9. Ne5 Bb5 10. d3 O-O 11. Nd2 Rc8 12. Rf3 Be8 13. Rh3 d4 14. e4 g6 15. g4
Nd7 16. Nxd7 Qxd7 17. Nf3 f6 18. Qe1 Rf7 19. Bc1 Rg7 20. Bd2 b6 21. Rg3 Qc7 22.
Qe2 Bc6 23. Rf1 Re8 24. Qf2 Qd8 25. Rh3 Bf8 26. Qh4 Qe7 27. Kh1 Rc8 28. Rg1 Rc7
29. Rg2 Kf7 30. Re2 Kg8 31. Rg2 Kf7 32. g5 f5 33. Ne5+ Ke8 34. Nxc6 Rxc6 35.
Qe1 Kf7 36. Re2 Qd7 37. Kg1 Kg8 38. exf5 exf5 39. Rf3 Re7 40. Rxe7 Qxe7 1/2-1/2

[Event "50smm A Groeden-Arci"]
[Site "?"]
[Date "2018.11.10"]
[Round "1.1"]
[White "Perino, Alberto"]
[Black "Bonagura, Stefano"]
[Result "0-1"]
[WhiteElo "1833"]
[BlackElo "2213"]
[PlyCount "42"]
[EventDate "2018.11.10"]
[SourceDate "2018.11.11"]

1. e4 e5 2. Nf3 Nc6 3. Bb5 a6 4. Bxc6 dxc6 5. d4 exd4 6. Qxd4 Qxd4 7. Nxd4 Bd6
8. Nc3 Ne7 9. f4 f6 10. Be3 O-O 11. O-O Re8 12. Rae1 b6 13. a3 c5 14. Nf3 Nc6
15. h3 Bb7 16. g3 Rad8 17. Bf2 Na5 18. e5 fxe5 19. Nxe5 Bxe5 20. fxe5 Nc4 21.
Rd1 Nd2 0-1

[Event "50smm A Groeden-Arci"]
[Site "?"]
[Date "2018.11.10"]
[Round "1.2"]
[White "Moroder, Stefan"]
[Black "Rinaldo, Gaetano"]
[Result "1-0"]
[WhiteElo "2149"]
[BlackElo "1730"]
[PlyCount "39"]
[EventDate "2018.11.10"]
[SourceDate "2018.11.11"]

1. d4 Nf6 2. c4 e6 3. Nc3 Bb4 4. f3 d5 5. a3 Be7 6. e4 dxe4 7. fxe4 O-O 8. Nf3
b6 9. Bd3 Bb7 10. O-O Nbd7 11. e5 Ne8 12. Qe2 g6 13. Bh6 Ng7 14. Rad1 Bxf3 15.
Rxf3 Bg5 16. Bxg5 Qxg5 17. Ne4 Qg4 18. Rdf1 Nf5 19. Qf2 Qh4 20. Rxf5 1-0

[Event "50smm A Groeden-Arci"]
[Site "?"]
[Date "2018.11.10"]
[Round "1.3"]
[White "Feichter, Matthias"]
[Black "Bernardi, Ruben"]
[Result "0-1"]
[WhiteElo "1492"]
[BlackElo "2132"]
[PlyCount "92"]
[EventDate "2018.11.10"]
[SourceDate "2018.11.11"]

1. e4 c5 2. Nf3 Nc6 3. d4 cxd4 4. Nxd4 e5 5. Nb5 d6 6. N1c3 a6 7. Na3 Nf6 8.
Bd3 Be6 9. Nc4 Be7 10. O-O Rc8 11. Ne3 Nb4 12. Be2 O-O 13. a3 Nc6 14. Ned5 Nd4
15. Bd3 Nxd5 16. Nxd5 Bg5 17. c3 Bxc1 18. Rxc1 Nc6 19. Qh5 f5 20. f4 g6 21. Qh6
Bxd5 22. exd5 Ne7 23. fxe5 dxe5 24. c4 e4 25. Bb1 Qb6+ 26. Kh1 Qxb2 27. Qf4
Rcd8 28. Rc2 Qxa3 29. Qe5 Qd6 30. Qd4 Qf6 31. Qf2 Kg7 32. Qf4 Qd6 33. Qf2 Qe5
34. Qb6 Rd7 35. Rd1 Rf6 36. Qc5 b6 37. Qa3 a5 38. Re2 Nc6 39. Red2 Nb4 40. Kg1
Qd6 41. Qc3 Qc5+ 42. Kh1 b5 43. Rd4 Kf7 44. Rf1 Nxd5 45. Rxd5 Rxd5 46. Bxe4 Rd4
0-1

[Event "50smm A Groeden-Arci"]
[Site "?"]
[Date "2018.11.10"]
[Round "1.4"]
[White "Demetz, Rainer"]
[Black "Rizzardi, Roberto"]
[Result "1-0"]
[WhiteElo "2177"]
[BlackElo "1523"]
[PlyCount "43"]
[EventDate "2018.11.10"]
[SourceDate "2018.11.11"]

1. e4 d5 2. exd5 Qxd5 3. Nc3 Qd6 4. d4 c6 5. Bc4 Nf6 6. Nge2 Bg4 7. f3 Bf5 8.
g4 Bg6 9. Nf4 e6 10. h4 h6 11. Nxg6 fxg6 12. Qd3 Nbd7 13. Qxg6+ Kd8 14. Be3 Kc7
15. O-O-O Rd8 16. Ne4 Qe7 17. Bf4+ e5 18. dxe5 Nxe4 19. Qxe4 Kc8 20. e6 Nf6 21.
Rxd8+ Qxd8 22. Qxc6+ 1-0

[Event "50smm A Groeden-Arci"]
[Site "?"]
[Date "2018.11.10"]
[Round "1.5"]
[White "Gasparro, Antonio"]
[Black "Moroder, Thomas"]
[Result "0-1"]
[WhiteElo "1434"]
[BlackElo "1993"]
[PlyCount "74"]
[EventDate "2018.11.10"]
[SourceDate "2018.11.11"]

1. d4 Nf6 2. Nf3 g6 3. Nc3 d5 4. Bf4 c6 5. e3 Bg7 6. Be2 O-O 7. Qd2 Bg4 8. h3
Bxf3 9. Bxf3 Nbd7 10. O-O Re8 11. Rfe1 e5 12. dxe5 Nxe5 13. Bxe5 Rxe5 14. Ne2
Qe7 15. c3 Re8 16. Rad1 Bh6 17. Ng3 Bf4 18. Nf1 Re6 19. Qd4 Bb8 20. Nd2 Qc7 21.
Nf1 h5 22. Ng3 Qa5 23. a3 Bxg3 24. fxg3 Ne4 25. Kh2 Qc7 26. Bxe4 Rxe4 27. Qd2
h4 28. Qf2 R8e5 29. Kg1 Rf5 30. Qe2 Qxg3 31. Rd4 Rg5 32. Rxe4 dxe4 33. Kh1 Rf5
34. Rf1 Rxf1+ 35. Qxf1 Qxe3 36. Qd1 Qd3 37. Qe1 e3 0-1

[Event "50smm A Groeden-Arci"]
[Site "?"]
[Date "2018.11.10"]
[Round "1.6"]
[White "Grossi, Christian"]
[Black "Petruccello, Thomas"]
[Result "1-0"]
[WhiteElo "1854"]
[BlackElo "1327"]
[PlyCount "99"]
[EventDate "2018.11.10"]
[SourceDate "2018.11.11"]

1. d4 d5 2. c4 e5 3. e3 dxc4 4. Bxc4 Bf5 5. Qf3 Ne7 6. Qxb7 Nbc6 7. Qb3 Bg6 8.
d5 Nb8 9. Qb7 Nd7 10. Bb5 Rb8 11. Bxd7+ Kxd7 12. Qxa7 Nxd5 13. Nf3 Bd6 14. O-O
Be4 15. Qa4+ c6 16. Qxe4 g6 17. Nxe5+ Kc7 18. Nxf7 Re8 19. Qf3 Qh4 20. Nxd6
Kxd6 21. Qg3+ Qxg3 22. hxg3 Nb4 23. Na3 Rf8 24. b3 Ke6 25. Bd2 Nd3 26. Bc3 Rf7
27. Nc4 Rf5 28. Rad1 Nc5 29. Rd6+ Ke7 30. Rxc6 Ne4 31. Bb2 Rd8 32. f3 Nd2 33.
Rc7+ Ke6 34. e4 Rh5 35. Rc6+ Kf7 36. Ne5+ Rxe5 37. Bxe5 Nxf1 38. Kxf1 Ra8 39.
a4 Ra5 40. Bc3 Rg5 41. Kf2 h5 42. a5 Rb5 43. b4 Rb8 44. a6 Rg8 45. b5 Ke7 46.
a7 Kd7 47. Be5 Ra8 48. Bb8 g5 49. Rh6 Kc8 50. Rh7 1-0

[Event "50smm A Kaltern/Tramin-Richter/Lask"]
[Site "?"]
[Date "2018.11.10"]
[Round "1.1"]
[White "De Eccher, Stefano"]
[Black "Barp, Alberto"]
[Result "0-1"]
[WhiteElo "2197"]
[BlackElo "2402"]
[PlyCount "66"]
[EventDate "2018.11.10"]
[SourceDate "2018.11.11"]

1. e4 e5 2. Nf3 Nc6 3. Bb5 a6 4. Bxc6 dxc6 5. O-O f6 6. d4 exd4 7. Qxd4 Qxd4 8.
Nxd4 c5 9. Nb3 Be6 10. Be3 b6 11. Nc3 O-O-O 12. Rfd1 Bd6 13. Nd5 Ne7 14. Nxe7+
Bxe7 15. Nd2 Rd7 16. Kf1 Rhd8 17. Ke2 f5 18. f3 fxe4 19. fxe4 Bf6 20. c3 Re8
21. Re1 Bg4+ 22. Kf2 Rd3 23. h3 Bh5 24. g4 Bg6 25. Ke2 Rd7 26. g5 Bd8 27. Bf4
c4 28. Be3 Bxe4 29. Nxe4 Rxe4 30. Kf2 Rf7+ 31. Kg3 Rf5 32. h4 h5 33. gxh6 Bxh4+
0-1

[Event "50smm A Kaltern/Tramin-Richter/Lask"]
[Site "?"]
[Date "2018.11.10"]
[Round "1.2"]
[White "Paltrinieri, Nicholas"]
[Black "Moncher, Stefano"]
[Result "1-0"]
[WhiteElo "2245"]
[BlackElo "2193"]
[PlyCount "73"]
[EventDate "2018.11.10"]
[SourceDate "2018.11.11"]

1. d4 Nf6 2. Bg5 c6 3. c3 d5 4. Nd2 Bf5 5. Bxf6 exf6 6. e3 Nd7 7. g3 Qb6 8. Qb3
Bd6 9. Bg2 O-O 10. Ne2 Rfe8 11. O-O Bd3 12. Rfe1 Bxe2 13. Rxe2 f5 14. Qc2 Nf6
15. c4 Qa6 16. a3 g6 17. Ree1 b5 18. c5 Bf8 19. a4 b4 20. a5 Rab8 21. Qb3 Bh6
22. Bf1 Qc8 23. Be2 g5 24. Nf1 Kh8 25. Ra4 f4 26. Rxb4 Rxb4 27. Qxb4 Qf5 28.
Kg2 f3+ 29. Bxf3 g4 30. Bd1 Ne4 31. f4 gxf3+ 32. Bxf3 Ng5 33. Nd2 Qh3+ 34. Kh1
Nxf3 35. Nxf3 Rxe3 36. Rxe3 Qf1+ 37. Ng1 1-0

[Event "50smm A Kaltern/Tramin-Richter/Lask"]
[Site "?"]
[Date "2018.11.10"]
[Round "1.3"]
[White "Voltolini, Giuseppe"]
[Black "Bertagnolli, Alexander"]
[Result "0-1"]
[WhiteElo "2099"]
[BlackElo "2365"]
[PlyCount "98"]
[EventDate "2018.11.10"]
[SourceDate "2018.11.11"]

1. d4 Nf6 2. c4 e5 3. dxe5 Ng4 4. Bf4 g5 5. Bg3 Bg7 6. Nf3 Nc6 7. Nc3 Ngxe5 8.
Nxe5 Nxe5 9. e3 d6 10. h4 h6 11. hxg5 hxg5 12. Rxh8+ Bxh8 13. Qh5 Bg7 14. Qh7
Kf8 15. O-O-O Be6 16. Rd4 Qf6 17. Ne4 Qh6 18. Qxh6 Bxh6 19. Bxe5 dxe5 20. Rd2
Ke7 21. Be2 g4 22. Rd1 Rh8 23. Kc2 Bg7 24. Nc5 Bc8 25. e4 Rh2 26. Rg1 b6 27.
Na4 Bh6 28. Nc3 c6 29. Nd1 f5 30. exf5 Bxf5+ 31. Bd3 e4 32. Be2 Kf6 33. Kc3 Ke5
34. Ne3 Bxe3 35. fxe3 g3 36. Kd2 Be6 37. Bf1 Bg4 38. Be2 Bf3 39. Bf1 c5 40. Kc3
Bg4 41. Kd2 Kf5 42. Be2 Bf3 43. Bf1 Kg4 44. Be2 Rxg2 45. Rxg2 Kh3 46. Rxg3+
Kxg3 47. Bf1 Bg4 48. Ke1 Bh5 49. b3 Bg4 0-1

[Event "50smm A Kaltern/Tramin-Richter/Lask"]
[Site "?"]
[Date "2018.11.10"]
[Round "1.4"]
[White "Zucchelli, Massimo"]
[Black "Billio, Atto"]
[Result "1-0"]
[WhiteElo "2152"]
[BlackElo "2027"]
[PlyCount "55"]
[EventDate "2018.11.10"]
[SourceDate "2018.11.11"]

1. d4 f5 2. g3 Nf6 3. Bg2 g6 4. Nh3 Bg7 5. c3 c6 6. Nd2 d6 7. Qb3 Qb6 8. O-O h6
9. Qc2 O-O 10. Nf4 g5 11. Nd3 Nd5 12. e4 fxe4 13. Bxe4 Bh3 14. Re1 Nf6 15. Bg6
Qc7 16. f4 Nd5 17. Nf2 Bc8 18. fxg5 e5 19. dxe5 dxe5 20. Nde4 Ne7 21. Bh7+ Kf7
22. gxh6 Bh8 23. Ng5+ Ke8 24. Be3 c5 25. Rad1 Nf5 26. Bg6+ Ke7 27. Nh7 Rg8 28.
Bg5+ 1-0

[Event "50smm A Kaltern/Tramin-Richter/Lask"]
[Site "?"]
[Date "2018.11.10"]
[Round "1.5"]
[White "De Vita, Gianni"]
[Black "Comai, Samuele"]
[Result "1-0"]
[WhiteElo "1998"]
[BlackElo "1854"]
[PlyCount "78"]
[EventDate "2018.11.10"]
[SourceDate "2018.11.11"]

1. e4 e6 2. d4 d5 3. exd5 exd5 4. Nf3 Bd6 5. Bd3 Nc6 6. O-O Nge7 7. Re1 Bg4 8.
c3 Qd7 9. a4 f6 10. Na3 O-O-O 11. Nb5 g5 12. Nxd6+ Qxd6 13. b4 Rde8 14. h3 Be6
15. Nh2 h5 16. Ra2 Nd8 17. a5 g4 18. hxg4 hxg4 19. g3 Rh5 20. Bf4 Qd7 21. a6 b6
22. f3 Reh8 23. fxg4 Rh3 24. Qf3 Rxh2 25. Rxh2 Rxh2 26. Kxh2 Bxg4 27. Qe3 Nf5
28. Qf2 Qh7+ 29. Kg1 Qh5 30. Qh2 Qf7 31. Qh8 Kd7 32. Kf2 Ne6 33. Bb5+ c6 34.
Bd3 Nxf4 35. gxf4 Nd6 36. Qb8 Qh5 37. Qxa7+ Kc8 38. Re7 Qh4+ 39. Ke3 Qe1+ 1-0

[Event "50smm A Kaltern/Tramin-Richter/Lask"]
[Site "?"]
[Date "2018.11.10"]
[Round "1.6"]
[White "Waldner, Mirko"]
[Black "Pangrazzi, Marco"]
[Result "1-0"]
[WhiteElo "1948"]
[BlackElo "2182"]
[PlyCount "81"]
[EventDate "2018.11.10"]
[SourceDate "2018.11.11"]

1. d4 Nf6 2. c4 g6 3. Nc3 Bg7 4. e4 d6 5. f3 O-O 6. Be3 Nbd7 7. Nge2 e5 8. Qd2
Ne8 9. g4 f5 10. gxf5 gxf5 11. Bg5 Nef6 12. exf5 exd4 13. Nxd4 Qe8+ 14. Be2 Ne5
15. O-O-O Qf7 16. Rhg1 Kh8 17. Rde1 Nc6 18. Ne6 Bxe6 19. fxe6 Qxe6 20. Bd3 Ne5
21. f4 Nxd3+ 22. Qxd3 Qf7 23. Re3 h6 24. Rh3 Nh7 25. Bxh6 Bxh6 26. Rxh6 Qxf4+
27. Qd2 Qxd2+ 28. Kxd2 Rf2+ 29. Ke3 Rf7 30. Ne4 Re8 31. Rg3 Rfe7 32. Rg4 Rg7
33. Rf4 Kg8 34. Kd3 Re5 35. Ng3 Ng5 36. Nf5 Nf7 37. Rh3 Rg2 38. Ne3 Rg6 39. Ng4
Reg5 40. Nf6+ Kg7 41. Rh7+ 1-0

[Event "50smm A Klausen-Ehrenburg"]
[Site "?"]
[Date "2018.11.10"]
[Round "1.1"]
[White "Erlacher, Michael"]
[Black "Schacher, Gerd"]
[Result "1/2-1/2"]
[WhiteElo "2186"]
[BlackElo "2277"]
[PlyCount "32"]
[EventDate "2018.11.10"]
[SourceDate "2018.11.11"]

1. e4 c5 2. Nc3 g6 3. g3 Bg7 4. Bg2 Nc6 5. d3 d6 6. f4 e6 7. Nf3 Nge7 8. O-O
O-O 9. Be3 Nd4 10. e5 Bd7 11. Ne4 Nef5 12. Bf2 Nxf3+ 13. Bxf3 dxe5 14. fxe5
Bxe5 15. Nxc5 Bc6 16. c3 Bxf3 1/2-1/2

[Event "50smm A Klausen-Ehrenburg"]
[Site "?"]
[Date "2018.11.10"]
[Round "1.2"]
[White "Seebacher, Michael"]
[Black "Hengl, Christian"]
[Result "0-1"]
[WhiteElo "1978"]
[BlackElo "2147"]
[PlyCount "76"]
[EventDate "2018.11.10"]
[SourceDate "2018.11.11"]

1. d4 d5 2. Bf4 c5 3. e3 Nc6 4. Nf3 Nf6 5. c3 Bg4 6. Nbd2 e6 7. Qb3 Qb6 8. Qxb6
axb6 9. Ne5 Nxe5 10. Bxe5 c4 11. f3 Bf5 12. g4 Bg6 13. h4 h5 14. g5 Nd7 15. Bg3
b5 16. e4 b4 17. Bg2 Nb6 18. Kf2 Kd7 19. f4 Bd6 20. exd5 exd5 21. Bh3+ Kc6 22.
f5 bxc3 23. bxc3 Bxg3+ 24. Kxg3 Bh7 25. Nf3 Ra3 26. Rhe1 Rxc3 27. Kf4 Ra8 28.
Re7 Raa3 29. Bg2 Bxf5 30. Rxf7 g6 31. Re1 Rxa2 32. Bh1 Nd7 33. Ree7 Kd6 34. Re8
Bg4 35. Rg8 Ke6 36. Rxd7 Rf2 37. Rxg6+ Kxd7 38. Kg3 Bxf3 0-1

[Event "50smm A Klausen-Ehrenburg"]
[Site "?"]
[Date "2018.11.10"]
[Round "1.3"]
[White "Jedinger, Andreas"]
[Black "Seebacher, Reinhard"]
[Result "1-0"]
[WhiteElo "2101"]
[BlackElo "1927"]
[PlyCount "77"]
[EventDate "2018.11.10"]
[SourceDate "2018.11.11"]

1. e4 c6 2. d4 g6 3. Nc3 Bg7 4. Nf3 d5 5. h3 dxe4 6. Nxe4 Nd7 7. Bc4 Ngf6 8.
Nxf6+ Nxf6 9. O-O O-O 10. Re1 Qc7 11. Qe2 e6 12. Bg5 Nd5 13. Qd2 a5 14. Rad1 b5
15. Bf1 Ba6 16. Bh6 b4 17. Bxg7 Kxg7 18. Bxa6 Rxa6 19. Ne5 h5 20. c4 bxc3 21.
bxc3 Rb8 22. c4 Nf6 23. c5 Nd5 24. g4 hxg4 25. hxg4 Rh8 26. Qg5 Ne7 27. Nf3
Raa8 28. Kg2 Nd5 29. Qe5+ Qxe5 30. Nxe5 Rab8 31. Rb1 Ne7 32. Rb6 Rxb6 33. cxb6
Rb8 34. Rb1 Rb7 35. Nc4 Nd5 36. Nxa5 Rxb6 37. Rxb6 Nxb6 38. Nxc6 f5 39. g5 1-0

[Event "50smm A Klausen-Ehrenburg"]
[Site "?"]
[Date "2018.11.10"]
[Round "1.4"]
[White "Schrott, Karl"]
[Black "Kapferer, Romed"]
[Result "1/2-1/2"]
[WhiteElo "1976"]
[BlackElo "2078"]
[PlyCount "40"]
[EventDate "2018.11.10"]
[SourceDate "2018.11.11"]

1. e4 c6 2. d4 d5 3. e5 c5 4. Bb5+ Nc6 5. Ne2 e6 6. Nd2 cxd4 7. Nb3 Bd7 8. Bxc6
bxc6 9. Qxd4 Ne7 10. Ng3 Ng6 11. Be3 Qc7 12. f4 c5 13. Nxc5 Bxc5 14. Qxc5 Qxc5
15. Bxc5 Rc8 16. b4 Nxf4 17. O-O Ng6 18. Rae1 h5 19. Rf3 Bb5 20. a4 Bxa4
1/2-1/2

[Event "50smm A Klausen-Ehrenburg"]
[Site "?"]
[Date "2018.11.10"]
[Round "1.5"]
[White "Gruber, Alexander"]
[Black "Schrott, Ernst"]
[Result "0-1"]
[WhiteElo "1803"]
[BlackElo "1883"]
[PlyCount "110"]
[EventDate "2018.11.10"]
[SourceDate "2018.11.11"]

1. e4 c5 2. Nf3 Nf6 3. d3 Nc6 4. g3 d5 5. exd5 Nxd5 6. Bg2 g6 7. O-O Bg7 8.
Nbd2 O-O 9. Re1 e5 10. Nc4 Re8 11. Ne3 Nxe3 12. Bxe3 Nd4 13. Qd2 Bh3 14. Bxd4
Bxg2 15. Kxg2 cxd4 16. Qe2 Rc8 17. Red1 f5 18. c3 dxc3 19. bxc3 Rxc3 20. Rac1
Qc7 21. Rxc3 Qxc3 22. Rb1 b6 23. h4 Rc8 24. Ne1 h6 25. Qf3 Qc6 26. Rb3 g5 27.
hxg5 hxg5 28. Qxc6 Rxc6 29. Kf3 Bf8 30. Ke2 Kg7 31. Rb2 Kf6 32. f3 Ba3 33. Rb3
Bd6 34. g4 Rc1 35. Rb2 Bc5 36. gxf5 Bd4 37. Rc2 Rxc2+ 38. Nxc2 Kxf5 39. Kd2 Kf4
40. Ke2 b5 41. Na3 b4 42. Nc4 a6 43. Na5 Bb6 44. Nc4 Bc7 45. Ne3 Bd6 46. Nc4
Bc5 47. Na5 Bb6 48. Nc4 Bd8 49. Ne3 a5 50. Nd5+ Kf5 51. Kd2 Ke6 52. Ne3 a4 53.
Nc4 Kf5 54. Nb2 b3 55. axb3 a3 0-1

[Event "50smm A Klausen-Ehrenburg"]
[Site "?"]
[Date "2018.11.10"]
[Round "1.6"]
[White "Schrott, Johann"]
[Black "Mairhofer, Lino"]
[Result "1/2-1/2"]
[WhiteElo "1824"]
[BlackElo "1716"]
[PlyCount "81"]
[EventDate "2018.11.10"]
[SourceDate "2018.11.11"]

1. e4 c5 2. Nf3 d6 3. d4 cxd4 4. Nxd4 Nf6 5. Nc3 g6 6. Be2 Nc6 7. Nb3 Bg7 8.
Be3 Bd7 9. Qd2 h5 10. f3 Rc8 11. O-O-O a6 12. Kb1 Ne5 13. Bf4 b5 14. Nd5 Nxd5
15. Qxd5 Nc4 16. Bc1 Qc7 17. c3 Nb6 18. Qd3 Be6 19. f4 Na4 20. Nd4 Bc4 21. Qc2
O-O 22. g4 Bxe2 23. Nxe2 hxg4 24. Rhg1 Qa5 25. Rxg4 b4 26. c4 Nb6 27. b3 Nxc4
28. Rd5 Na3+ 29. Bxa3 Qxa3 30. Qd2 Rc7 31. Rg1 Rfc8 32. Rc1 Rxc1+ 33. Nxc1 Rc6
34. e5 dxe5 35. fxe5 e6 36. Rd8+ Kh7 37. Nd3 Qa5 38. Rd7 Kg8 39. Qxb4 Qxb4 40.
Nxb4 Rb6 41. Nd3 1/2-1/2

[Event "50smm A Steinegg-Brixen/Milland"]
[Site "?"]
[Date "2018.11.10"]
[Round "1.1"]
[White "Sader, Michael"]
[Black "Engl, Stefan"]
[Result "1-0"]
[WhiteElo "2142"]
[BlackElo "1999"]
[PlyCount "61"]
[EventDate "2018.11.10"]
[SourceDate "2018.11.11"]

1. g3 f5 2. Bg2 Nf6 3. d3 d5 4. Bg5 c6 5. Bxf6 exf6 6. Nf3 Bd6 7. O-O f4 8.
Nbd2 O-O 9. c4 fxg3 10. fxg3 dxc4 11. Nxc4 Bc7 12. b4 Be6 13. a4 Na6 14. b5 Nb4
15. Qb3 Ba5 16. Qb2 c5 17. Rac1 Bxc4 18. Rxc4 Qe7 19. Rfc1 b6 20. Re4 Qf7 21.
Nd2 Na2 22. Rcc4 Bxd2 23. Qxd2 Nb4 24. Rf4 Rad8 25. Qe3 Rfe8 26. Qf3 Rd6 27.
Rfe4 Rde6 28. Rxe6 Rxe6 29. d4 Re8 30. Qb3 Rc8 31. Qxb4 1-0

[Event "50smm A Steinegg-Brixen/Milland"]
[Site "?"]
[Date "2018.11.10"]
[Round "1.2"]
[White "Pichler, Martin"]
[Black "Brenninger, Daniel"]
[Result "1-0"]
[WhiteElo "1824"]
[BlackElo "2068"]
[PlyCount "63"]
[EventDate "2018.11.10"]
[SourceDate "2018.11.11"]

1. e4 e6 2. d4 d5 3. Bd3 Nf6 4. e5 Nfd7 5. Nf3 c5 6. c3 Be7 7. O-O Nc6 8. Re1
Qb6 9. Bc2 cxd4 10. cxd4 Nb4 11. Ba4 O-O 12. Nc3 f6 13. a3 Nc6 14. Be3 fxe5 15.
dxe5 Bc5 16. Nxd5 exd5 17. Qxd5+ Kh8 18. Ng5 h6 19. Nf7+ Kh7 20. Bc2+ g6 21.
Bxg6+ Kg8 22. Nd6+ Kg7 23. Nxc8 Raxc8 24. Qxd7+ Kxg6 25. Qe6+ Kh7 26. Qxh6+ Kg8
27. Qg6+ Kh8 28. Rac1 Ne7 29. Qh5+ Kg8 30. Rxc5 Rxc5 31. b4 Rf5 32. Qe8+ 1-0

[Event "50smm A Steinegg-Brixen/Milland"]
[Site "?"]
[Date "2018.11.10"]
[Round "1.3"]
[White "Kofler, Thomas"]
[Black "Engl, Alexander"]
[Result "1-0"]
[WhiteElo "1943"]
[BlackElo "1811"]
[PlyCount "63"]
[EventDate "2018.11.10"]
[SourceDate "2018.11.11"]

1. c4 e6 2. g3 f5 3. d4 Nf6 4. Nc3 d5 5. Bg2 c6 6. b3 Bd6 7. Nf3 O-O 8. c5 Bc7
9. O-O Nbd7 10. Ng5 Qe7 11. f4 Ne4 12. Ncxe4 fxe4 13. Qc2 Nf6 14. e3 Bd7 15. b4
e5 16. dxe5 Bxe5 17. Rb1 Bc7 18. a4 b6 19. Nh3 Rfb8 20. Bb2 a5 21. Bd4 b5 22.
bxa5 Rxa5 23. axb5 Rbxb5 24. Rxb5 Rxb5 25. Nf2 Bc8 26. Ra1 Nd7 27. Bh3 Qd8 28.
Ra8 Rb8 29. Rxb8 Bxb8 30. Qb2 Ba7 31. Bxg7 Bxc5 32. Be6# 1-0

[Event "50smm A Steinegg-Brixen/Milland"]
[Site "?"]
[Date "2018.11.10"]
[Round "1.4"]
[White "Lantschner, Carmen"]
[Black "Wisthaler, Lukas"]
[Result "0-1"]
[WhiteElo "1695"]
[BlackElo "1846"]
[PlyCount "88"]
[EventDate "2018.11.10"]
[SourceDate "2018.11.11"]

1. e4 c5 2. Nf3 e6 3. d4 cxd4 4. Nxd4 a6 5. Nc3 Qc7 6. Be2 Nf6 7. O-O b5 8. Bf3
e5 9. Nf5 d6 10. Qd3 b4 11. Nd5 Nxd5 12. Qxd5 Bb7 13. Qd3 Nc6 14. Rd1 Rd8 15.
Be3 g6 16. Ng3 Be7 17. Bh6 Nd4 18. Rac1 Bf8 19. Bd2 Qb6 20. c3 bxc3 21. Rxc3
Qb5 22. b3 Qxd3 23. Rxd3 d5 24. Ba5 Rd7 25. Bb6 Nxf3+ 26. gxf3 d4 27. Rc1 Bd6
28. Nf1 Ke7 29. Nd2 f5 30. exf5 gxf5 31. Nc4 Ke6 32. Re1 Bb8 33. Kf1 Rg8 34. a3
Rdg7 35. Ke2 Rg1 36. Rdd1 Rxe1+ 37. Rxe1 Rg2 38. Rh1 Kd5 39. Nd2 e4 40. h3 e3
41. Nc4 Rxf2+ 42. Kd3 Rxf3 43. Ke2 Ke4 44. Rd1 d3+ 0-1

[Event "50smm A Steinegg-Brixen/Milland"]
[Site "?"]
[Date "2018.11.10"]
[Round "1.5"]
[White "Hellweg, Stephan"]
[Black "Schroffenegger, Simon"]
[Result "1-0"]
[WhiteElo "1734"]
[BlackElo "1456"]
[PlyCount "39"]
[EventDate "2018.11.10"]
[SourceDate "2018.11.11"]

1. e4 e5 2. Nf3 Nf6 3. d3 Nc6 4. Nc3 Bc5 5. Be2 d6 6. Bg5 Be6 7. Na4 h6 8. Nxc5
dxc5 9. Bh4 Qd6 10. h3 O-O-O 11. c3 g5 12. Bg3 g4 13. hxg4 Bxg4 14. Bh4 Rdg8
15. Qc2 Qe6 16. Bxf6 Qxf6 17. O-O-O Be6 18. g3 Bg4 19. Nh4 Qxf2 20. Bxg4+ 1-0

[Event "50smm A Steinegg-Brixen/Milland"]
[Site "?"]
[Date "2018.11.10"]
[Round "1.6"]
[White "Schgaguler, Guenther"]
[Black "Kofler, Oswald"]
[Result "1/2-1/2"]
[WhiteElo "1515"]
[BlackElo "1833"]
[PlyCount "71"]
[EventDate "2018.11.10"]
[SourceDate "2018.11.11"]

1. e4 e5 2. Nf3 Nc6 3. Bb5 a6 4. Ba4 d6 5. O-O Be7 6. c3 f5 7. exf5 Bxf5 8. d4
b5 9. Bb3 e4 10. Nfd2 d5 11. Re1 Nf6 12. f3 Na5 13. fxe4 dxe4 14. Nf1 Nxb3 15.
Qxb3 c5 16. dxc5 Bxc5+ 17. Be3 Qb6 18. h3 Be6 19. Qc2 Bc4 20. Nbd2 O-O-O 21.
Nxc4 bxc4 22. Bxc5 Qxc5+ 23. Kh1 Rd3 24. Re2 Re8 25. Rae1 e3 26. Rd1 Ne4 27.
Kg1 Nf2 28. Rde1 Re6 29. Qc1 Nxh3+ 30. gxh3 Rg6+ 31. Kh1 Qd5+ 32. Kh2 Qe5+ 33.
Kh1 Qe4+ 34. Kh2 Qf4+ 35. Kh1 Qf3+ 36. Kh2 1/2-1/2